[Event "Voronezh op-B 17th"]
[Site "Voronezh"]
[Date "2013.06.19"]
[Round "8"]
[White "Teryaeva, Valeria"]
[Black "Rodionov, Roman"]
[Result "0-1"]
[WhiteElo "1558"]
[BlackElo "1778"]
[PlyCount "96"]
[EventDate "2013.06.12"]
[EventType "swiss"]
[EventRounds "9"]
[EventCountry "RUS"]
[SourceTitle "EXT 2014"]
[Source "ChessBase"]
[SourceDate "2013.11.20"]
[SourceVersion "1"]
[SourceVersionDate "2013.11.20"]
[SourceQuality "1"]

1. e4 e5 2. Nf3 Nc6 3. c3 d5 4. Qa4 Qd6 5. Bb5 Bd7 6. exd5 Qxd5 7. d3 f6 8. Bc4
Qd6 9. Qb3 Na5 10. Bf7+ Ke7 11. Qd5 Bc6 12. Qxa5 Kxf7 13. Nbd2 b6 14. Qa6 Qd7
15. Qc4+ Bd5 16. Qh4 Bxf3 17. Nxf3 Qxd3 18. Be3 Rd8 19. Qa4 g5 20. Qc6 Qd7 21.
Qc4+ Ke8 22. O-O Ne7 23. h3 Nf5 24. Bd2 Bd6 25. Rfe1 Kf8 26. Rad1 Qf7 27. Qe4
Ne7 28. Nh2 Kg8 29. f4 f5 30. Qe2 e4 31. Nf1 h6 32. Ne3 Bc5 33. Kh1 Bxe3 34.
Bxe3 Kh7 35. Rd2 Nd5 36. Bd4 Nxf4 37. Qf1 Nd3 38. Rxe4 Nc5 39. Re5 Rd5 40. Rf2
Rxe5 41. Bxe5 Rf8 42. a3 Ne4 43. Re2 c6 44. Qg1 a5 45. Qxb6 Qd5 46. Qd4 Re8 47.
Re3 Qxe5 48. Qb6 Ng3+ 0-1

[Event "corr freechess"]
[Site "freechess.de"]
[Date "2013.06.19"]
[Round "?"]
[White "Westphal, Benno"]
[Black "Klein, Rico"]
[Result "0-1"]
[WhiteElo "1800"]
[BlackElo "1800"]
[PlyCount "64"]
[EventDate "2013.??.??"]
[EventType "tourn (corr)"]
[SourceTitle "OM Corr 202003"]
[Source "Opening Master"]
[SourceDate "2019.05.30"]
[SourceVersion "2"]
[SourceVersionDate "2019.05.30"]
[SourceQuality "1"]

1. e4 e5 2. Nf3 Nc6 3. c3 Nf6 4. d3 d5 5. exd5 Nxd5 6. Qb3 Be7 7. h4 O-O 8. Ng5
Rb8 9. Qc2 Bf5 10. Be2 Nf4 11. Bxf4 exf4 12. Nf3 Bg4 13. Nbd2 Re8 14. O-O-O
Bxh4 15. Rxh4 Bxf3 16. Nxf3 Qf6 17. d4 g6 18. Bc4 a6 19. d5 Ne5 20. Rd4 Nxf3
21. Rhxf4 Nxd4 22. Rxd4 Re1+ 23. Rd1 Qf4+ 24. Qd2 Rxd1+ 25. Kxd1 Qxc4 26. b3
Qf1+ 27. Kc2 Qxg2 28. c4 h5 29. Qf4 Re8 30. Kc3 a5 31. Qxc7 Qf3+ 32. Kd4 Qxf2+
0-1

[Event "IPCA Wch-A 13th"]
[Site "Velke Losiny"]
[Date "2013.06.18"]
[Round "1"]
[White "Reznicek, Marcel"]
[Black "Bainhofner, Jiri"]
[Result "1-0"]
[WhiteElo "2109"]
[BlackElo "1828"]
[PlyCount "101"]
[EventDate "2013.06.18"]
[EventType "swiss"]
[EventRounds "9"]
[EventCountry "CZE"]
[SourceTitle "CBM 155 Extra"]
[Source "ChessBase"]
[SourceDate "2013.08.26"]
[SourceVersion "1"]
[SourceVersionDate "2013.08.26"]
[SourceQuality "1"]

1. e4 e5 2. Nf3 Nc6 3. c3 Bc5 4. d4 exd4 5. cxd4 Bb4+ 6. Nc3 Nf6 7. e5 Ne4 8.
Qc2 Nxc3 9. bxc3 Be7 10. d5 Na5 11. Bd2 b6 12. c4 Nb7 13. Bd3 h6 14. O-O Nc5
15. Bf5 d6 16. e6 O-O 17. exf7+ Rxf7 18. Bg6 Rxf3 19. gxf3 Bh3 20. Rfe1 Qf8 21.
f4 Qf6 22. f5 Qh4 23. Re3 Bf6 24. Rae1 Be5 25. Rg3 Bxg3 26. hxg3 Qd4 27. Be3
Qd3 28. f6 Qxc2 29. Bxc2 gxf6 30. Bxh6 Kf7 31. f3 Bd7 32. g4 Rg8 33. Kf2 a5 34.
Bf4 Ba4 35. Bb1 b5 36. Rh1 b4 37. Bd2 Nd7 38. Bf5 Nc5 39. Bb1 Bd7 40. Rh7+ Rg7
41. Rh1 c6 42. Bf4 Nb7 43. Be4 c5 44. Rb1 a4 45. Ke3 Ke7 46. Kd2 Be8 47. Re1
Kd8 48. Rh1 Ke7 49. Bc2 a3 50. Re1+ Kd7 51. Ba4+ 1-0

[Event "Voronezh op-B 17th"]
[Site "Voronezh"]
[Date "2013.06.17"]
[Round "6"]
[White "Teryaeva, Valeria"]
[Black "Rozmanov, Aleksandr"]
[Result "1-0"]
[WhiteElo "1558"]
[BlackElo "1655"]
[PlyCount "77"]
[EventDate "2013.06.12"]
[EventType "swiss"]
[EventRounds "9"]
[EventCountry "RUS"]
[SourceTitle "EXT 2014"]
[Source "ChessBase"]
[SourceDate "2013.11.20"]
[SourceVersion "1"]
[SourceVersionDate "2013.11.20"]
[SourceQuality "1"]

1. e4 e5 2. Nf3 Nc6 3. c3 Bc5 4. d4 exd4 5. cxd4 Bb4+ 6. Nc3 d5 7. e5 Bg4 8.
Be2 f6 9. O-O Qd7 10. a3 Bxc3 11. bxc3 fxe5 12. Nxe5 Nxe5 13. dxe5 Bxe2 14.
Qxe2 Ne7 15. Rd1 Qc6 16. Bg5 h6 17. Bxe7 Kxe7 18. Rab1 b6 19. Qg4 g5 20. Qf5
Qe6 21. Qd3 c6 22. a4 Kf7 23. Qa6 Rhd8 24. a5 b5 25. c4 bxc4 26. Rb7+ Rd7 27.
Rxd7+ Qxd7 28. Qxc4 Rb8 29. Qc5 Rb5 30. Qc3 Ke6 31. Qh3+ Ke7 32. Qxh6 Qg4 33.
Qd6+ Kf7 34. Qf6+ Kg8 35. Qd8+ Kf7 36. Re1 Qb4 37. e6+ Kg7 38. Qxg5+ Kh7 39.
Qe5 1-0

[Event "BIH-chT 12th"]
[Site "Sarajevo"]
[Date "2013.06.17"]
[Round "3.5"]
[White "Kadric, Denis"]
[Black "Nestorovic, Nikola"]
[Result "0-1"]
[WhiteElo "2460"]
[BlackElo "2405"]
[PlyCount "98"]
[EventDate "2013.06.15"]
[EventType "team-tourn"]
[EventRounds "9"]
[EventCountry "BIH"]
[SourceTitle "CBM 155 Extra"]
[Source "ChessBase"]
[SourceDate "2013.08.26"]
[SourceVersion "1"]
[SourceVersionDate "2013.08.26"]
[SourceQuality "1"]
[WhiteTeam "Sarajevo Slavija"]
[BlackTeam "Sarajevo Alpong"]
[WhiteTeamCountry "BIH"]
[BlackTeamCountry "BIH"]

1. e4 e5 2. Nf3 Nc6 3. c3 Nf6 4. d3 d6 5. Be2 g6 6. O-O Bg7 7. b4 O-O 8. a4 h6
9. h4 Bg4 10. Nbd2 Nh5 11. g3 f5 12. Kg2 Qd7 13. Ng1 Bxe2 14. Qxe2 f4 15. Ndf3
fxg3 16. fxg3 Qg4 17. Qa2+ Kh7 18. Ne2 a5 19. b5 Ne7 20. Nh2 Qd7 21. c4 Ng8 22.
Be3 Ngf6 23. Nc3 Ng4 24. Qe2 Nxe3+ 25. Qxe3 c6 26. Rxf8 Rxf8 27. Qa7 Nf4+ 28.
gxf4 exf4 29. bxc6 f3+ 30. Kh1 Qh3 31. Ra2 bxc6 32. Rf2 Qxh4 33. Nd1 g5 34. Qe7
Rf6 35. e5 Rf5 36. Qd7 Rxe5 37. Rxf3 g4 38. Rf7 Re1+ 39. Kg2 Qh3+ 40. Kf2 Qh4+
41. Kg2 Re2+ 42. Rf2 Qh3+ 43. Kg1 Re1+ 44. Nf1 Qg3+ 45. Rg2 Qxd3 46. Qf7 g3 47.
Rd2 Qxd2 48. Qf5+ Kg8 49. Qc8+ Bf8 0-1

[Event "Teplice op 8th"]
[Site "Teplice"]
[Date "2013.06.17"]
[Round "3"]
[White "Nguyen, Thai Dai Van"]
[Black "Biolek, Richard"]
[Result "1/2-1/2"]
[WhiteElo "2171"]
[BlackElo "2412"]
[PlyCount "104"]
[EventDate "2013.06.15"]
[EventType "swiss"]
[EventRounds "9"]
[EventCountry "CZE"]
[SourceTitle "CBM 155 Extra"]
[Source "ChessBase"]
[SourceDate "2013.08.26"]
[SourceVersion "1"]
[SourceVersionDate "2013.08.26"]
[SourceQuality "1"]

1. e4 Nc6 2. Nf3 e5 3. c3 Nf6 4. d4 Nxe4 5. d5 Ne7 6. Nxe5 Ng6 7. Nxg6 hxg6 8.
Bd3 Nf6 9. O-O Be7 10. c4 d6 11. Re1 O-O 12. Nc3 Bg4 13. Qc2 Qd7 14. Be3 Rfe8
15. h3 Bf5 16. Rad1 Nh7 17. b3 Bg5 18. Ne4 Bxe4 19. Bxe4 Bxe3 20. Rxe3 Re7 21.
Rde1 Rae8 22. Qd2 b6 23. Bd3 a5 24. a3 Rxe3 25. Rxe3 Nf8 26. Qe2 Rxe3 27. Qxe3
Qd8 28. Qf4 Nd7 29. Kf1 Qe7 30. h4 Ne5 31. Be2 Kf8 32. g3 Kg8 33. Qe3 Qd8 34.
Kg2 Nd7 35. b4 axb4 36. axb4 Ne5 37. Bd3 Kf8 38. Be2 Qa8 39. Bf3 Qa4 40. Qc3
Nd7 41. Be2 Qa2 42. Kf3 b5 43. cxb5 Qxd5+ 44. Ke3 Qe6+ 45. Kd2 Qa2+ 46. Qc2 Qa7
47. Ke1 Qa1+ 48. Bd1 Qe5+ 49. Be2 d5 50. f4 Qd6 51. Kf2 Ke7 52. Qc3 d4 1/2-1/2

[Event "SA-2013-0-00351"]
[Site "Lechenicher SchachServer"]
[Date "2013.06.16"]
[Round "?"]
[White "Ortiz, Manuel"]
[Black "Avellan, Gerardo"]
[Result "1/2-1/2"]
[WhiteElo "2133"]
[BlackElo "2033"]
[PlyCount "32"]
[EventDate "2013.05.24"]
[EventType "tourn"]
[EventRounds "6"]

1. e4 e5 2. Nf3 Nc6 3. c3 d5 4. Qa4 Qd6 5. Bb5 Nge7 6. exd5 Qxd5 7. d3 Bf5 8.
O-O a6 9. Bc4 Qd7 10. d4 exd4 11. cxd4 Bg4 12. Ng5 f6 13. Bf7+ Kd8 14. d5 Ne5
15. Qe4 Bf5 16. Qd4 c5 {Draw agreed} 1/2-1/2

[Event "Voronezh op-B 17th"]
[Site "Voronezh"]
[Date "2013.06.13"]
[Round "2"]
[White "Teryaeva, Valeria"]
[Black "Estrada, Viktor"]
[Result "1/2-1/2"]
[WhiteElo "1558"]
[BlackElo "1837"]
[PlyCount "60"]
[EventDate "2013.06.12"]
[EventType "swiss"]
[EventRounds "9"]
[EventCountry "RUS"]
[SourceTitle "EXT 2014"]
[Source "ChessBase"]
[SourceDate "2013.11.20"]
[SourceVersion "1"]
[SourceVersionDate "2013.11.20"]
[SourceQuality "1"]

1. e4 e5 2. Nf3 Nc6 3. c3 Nf6 4. d4 exd4 5. e5 Ne4 6. cxd4 d5 7. Be2 Be7 8.
Nbd2 Bf5 9. O-O O-O 10. h3 h6 11. Nb3 Qd7 12. Bf4 Nd8 13. Rc1 Ne6 14. Be3 Rad8
15. Nfd2 c5 16. Nxe4 Bxe4 17. Nxc5 Nxc5 18. dxc5 d4 19. Bf4 Qf5 20. Bd2 Qxe5
21. Re1 Qf6 22. Qb3 d3 23. Bg4 Qg6 24. Rxe4 Qxe4 25. Re1 Qxe1+ 26. Bxe1 d2 27.
Bxd2 Rxd2 28. Qe3 Bg5 29. Qb3 Bf6 30. Qxb7 Rxb2 1/2-1/2

[Event "FIDE World Blitz 2013"]
[Site "Khanty-Mansiysk"]
[Date "2013.06.10"]
[Round "17"]
[White "Nepomniachtchi, Ian"]
[Black "Ponomariov, Ruslan"]
[Result "1/2-1/2"]
[WhiteElo "2717"]
[BlackElo "2743"]
[PlyCount "65"]
[EventDate "2013.06.09"]
[EventType "swiss (blitz)"]
[EventRounds "30"]
[EventCountry "RUS"]
[SourceTitle "CBM 154 Extra"]
[Source "ChessBase"]
[SourceDate "2013.06.25"]
[SourceVersion "2"]
[SourceVersionDate "2013.06.25"]
[SourceQuality "1"]

1. e4 e5 2. Nf3 Nc6 3. c3 Nf6 4. d4 exd4 5. e5 Nd5 6. Bb5 a6 7. Ba4 Nb6 8. Bb3
d5 9. cxd4 Bg4 10. Be3 Qd7 11. h3 Bh5 12. Nbd2 f6 13. g4 Bg6 14. Rc1 O-O-O 15.
a3 Kb8 16. Bc2 Bxc2 17. Qxc2 h5 18. Rg1 hxg4 19. hxg4 fxe5 20. Nxe5 Nxe5 21.
dxe5 d4 22. Bf4 Nd5 23. Qe4 Nxf4 24. Qxf4 Be7 25. Qe4 g5 26. Rg3 Qd5 27. Ke2
Rhf8 28. Qxd5 Rxd5 29. Rf3 Rxe5+ 30. Kd3 Rxf3+ 31. Nxf3 Rb5 32. b4 Bf6 33. Ke4
1/2-1/2

[Event "Madrid San Viator op 20th"]
[Site "Madrid"]
[Date "2013.06.09"]
[Round "9"]
[White "Perez, Alvaro"]
[Black "Rodriguez Alonso, Marcos"]
[Result "1/2-1/2"]
[WhiteElo "1836"]
[BlackElo "1637"]
[PlyCount "53"]
[EventDate "2013.04.07"]
[EventType "swiss"]
[EventRounds "9"]
[EventCountry "ESP"]
[SourceTitle "EXT 2014"]
[Source "ChessBase"]
[SourceDate "2013.11.20"]
[SourceVersion "1"]
[SourceVersionDate "2013.11.20"]
[SourceQuality "1"]

1. e4 e5 2. Nf3 Nc6 3. c3 Nf6 4. d4 d6 5. Be2 g6 6. Bg5 Bg7 7. Nbd2 O-O 8. d5
Ne7 9. h4 Bg4 10. Nh2 Bxe2 11. Qxe2 h6 12. Be3 Qd7 13. f3 c6 14. c4 cxd5 15.
cxd5 a6 16. Rc1 Rac8 17. O-O Nh5 18. Qf2 f5 19. Rxc8 Qxc8 20. exf5 Nxf5 21. g4
Nxe3 22. Qxe3 Nf4 23. Ne4 Qc2 24. Qd2 Qxd2 25. Nxd2 Rc8 26. Ne4 Bf8 27. Nc3
1/2-1/2

[Event "LAT-chT Higher League"]
[Site "Ventspils"]
[Date "2013.06.09"]
[Round "8.3"]
[White "Starostits, Ilmars"]
[Black "Rausis, Igors"]
[Result "1/2-1/2"]
[WhiteElo "2477"]
[BlackElo "2518"]
[PlyCount "38"]
[EventDate "2013.05.06"]
[EventType "team-match"]
[EventRounds "9"]
[EventCountry "LAT"]
[SourceTitle "OM OTB B 201907"]
[Source "Opening Master"]
[SourceDate "2019.07.06"]
[SourceVersion "2"]
[SourceVersionDate "2019.07.06"]
[SourceQuality "1"]

1. e4 e5 2. Nf3 Nc6 3. c3 Nf6 4. d4 Nxe4 5. d5 Nb8 6. Nxe5 Qe7 7. Qd4 d6 8.
Qxe4 Qxe5 9. Bb5+ c6 10. Qxe5+ dxe5 11. dxc6 Nxc6 12. Be3 a6 13. Ba4 Be6 14.
Nd2 Be7 15. Bb6 Bd8 16. Bc5 Be7 17. Bb6 Bd8 18. Bc5 Be7 19. Bb6 Bd8 1/2-1/2

[Event "FIDE World Blitz 2013"]
[Site "Khanty-Mansiysk"]
[Date "2013.06.09"]
[Round "6"]
[White "Nepomniachtchi, Ian"]
[Black "Kurnosov, Igor"]
[Result "1-0"]
[WhiteElo "2717"]
[BlackElo "2657"]
[PlyCount "59"]
[EventDate "2013.06.09"]
[EventType "swiss (blitz)"]
[EventRounds "30"]
[EventCountry "RUS"]
[SourceTitle "CBM 154 Extra"]
[Source "ChessBase"]
[SourceDate "2013.06.25"]
[SourceVersion "2"]
[SourceVersionDate "2013.06.25"]
[SourceQuality "1"]

1. e4 e5 2. Nf3 Nc6 3. c3 Nf6 4. d4 Nxe4 5. d5 Ne7 6. Nxe5 Ng6 7. Nxg6 hxg6 8.
Bd3 Nf6 9. c4 Bb4+ 10. Kf1 O-O 11. a3 Bc5 12. Nc3 d6 13. Bg5 Re8 14. Qd2 Qe7
15. h3 a5 16. g3 Bf5 17. Bxf5 gxf5 18. Qf4 Qe5 19. Qxe5 dxe5 20. Bxf6 gxf6 21.
g4 fxg4 22. Ne4 Be7 23. hxg4 b5 24. c5 Red8 25. Rd1 b4 26. a4 b3 27. Rd3 Rab8
28. Rdh3 Rb4 29. Ng3 Rxg4 30. Rh8+ 1-0

[Event "Castanhal op 2nd"]
[Site "Castanhal"]
[Date "2013.06.09"]
[Round "6"]
[White "Oliveira, Denyam Lauth"]
[Black "Rodrigues, Jose"]
[Result "1/2-1/2"]
[WhiteElo "1764"]
[BlackElo "2049"]
[PlyCount "88"]
[EventDate "2013.06.07"]
[EventType "swiss"]
[EventRounds "6"]
[EventCountry "BRA"]
[SourceTitle "EXT 2014"]
[Source "ChessBase"]
[SourceDate "2013.11.20"]
[SourceVersion "1"]
[SourceVersionDate "2013.11.20"]
[SourceQuality "1"]

1. e4 e5 2. Nf3 Nc6 3. c3 Bc5 4. d4 exd4 5. cxd4 Bb4+ 6. Nc3 d6 7. d5 Ne5 8.
Qa4+ Bd7 9. Qxb4 Nf6 10. Qxb7 O-O 11. Be2 c6 12. Nxe5 dxe5 13. d6 Ne8 14. O-O
Nxd6 15. Qb4 Ne8 16. Rd1 Nf6 17. Bg5 h6 18. Bh4 g5 19. Bg3 Qc7 20. Rd6 a5 21.
Qc5 Be6 22. Bxe5 Nd7 23. Qd4 Nxe5 24. Qxe5 Rad8 25. Rad1 Rxd6 26. Rxd6 Qe7 27.
Rxc6 Rd8 28. Nd5 Qb7 29. Qc7 Qxc7 30. Nxc7 Bxa2 31. g3 Rc8 32. Kg2 f5 33. Bc4+
Bxc4 34. Rxc4 fxe4 35. Rc6 Kh7 36. Kh3 h5 37. Rc5 a4 38. Ne6 Rb8 39. Rc7+ Kh6
40. Rg7 Rb6 41. Re7 Rxb2 42. g4 a3 43. gxh5 a2 44. Kg4 a1=Q 1/2-1/2

[Event "RB-2013-0-00212"]
[Site "Lechenicher SchachServer"]
[Date "2013.06.09"]
[Round "?"]
[White "Willmann, Bernd"]
[Black "Schulz, Hans Juergen"]
[Result "1/2-1/2"]
[WhiteElo "1908"]
[BlackElo "1709"]
[PlyCount "51"]
[EventDate "2013.02.27"]
[EventType "tourn"]
[EventRounds "6"]
[SourceTitle "OM Corr 202003"]
[Source "Opening Master"]
[SourceDate "2019.05.30"]
[SourceVersion "2"]
[SourceVersionDate "2019.05.30"]
[SourceQuality "1"]

1. e4 e5 2. Nf3 Nc6 3. c3 d5 4. Bb5 Nge7 5. Nxe5 dxe4 6. Nxc6 Nxc6 7. Qe2 Qe7
8. O-O Bd7 9. Re1 a6 10. Bc4 Ne5 11. Na3 Nxc4 12. Nxc4 O-O-O 13. Qxe4 Qxe4 14.
Rxe4 Be6 15. b3 b5 16. Na5 b4 17. Nc6 Rd6 18. Nd4 bxc3 19. dxc3 c5 20. Nf3 Rd1+
21. Re1 Rxe1+ 22. Nxe1 Be7 23. Nf3 Bf6 24. Be3 Rd8 25. h3 Rd3 26. Ne1 1/2-1/2

[Event "6th Obert de Primavera La Lira"]
[Site "?"]
[Date "2013.06.06"]
[Round "?"]
[White "Romero Funieles, Rafael"]
[Black "Volart Buil, Jordi"]
[Result "1/2-1/2"]
[WhiteElo "1712"]
[BlackElo "1777"]
[PlyCount "91"]
[EventDate "2013.??.??"]
[SourceTitle "OM OTB B 201907"]
[Source "Opening Master"]
[SourceDate "2019.07.06"]
[SourceVersion "2"]
[SourceVersionDate "2019.07.06"]
[SourceQuality "1"]

1. e4 e5 2. Nf3 Nc6 3. c3 d5 4. exd5 Qxd5 5. c4 Qd6 6. Nc3 Bg4 7. Be2 Nf6 8. d3
h6 9. a3 Rd8 10. Qa4 a6 11. O-O Be7 12. Rd1 O-O 13. h3 Bh5 14. b4 Nd4 15. Nxd4
Qxd4 16. Bd2 Bxe2 17. Nxe2 Qxd3 18. Ng3 c6 19. Rac1 Qg6 20. Bc3 Qg5 21. Qc2 a5
22. Nf5 Nd7 23. c5 g6 24. Ng3 axb4 25. axb4 Qh4 26. Re1 Bg5 27. Rcd1 Qc4 28.
Ne4 Be7 29. Qb2 f6 30. Nd6 Bxd6 31. Rxd6 Nb8 32. Red1 Rxd6 33. Rxd6 g5 34. Qd2
Qf7 35. Qe2 Na6 36. Qg4 Re8 37. Qf5 Kg7 38. Qd7 Nc7 39. Qg4 Nd5 40. Bd2 Re7 41.
h4 f5 42. Qh3 g4 43. Bxh6+ Kh7 44. Qa3 Re6 45. Rxe6 Qxe6 46. Bd2 1/2-1/2

[Event "Mitropa Cup 32nd"]
[Site "Meissen"]
[Date "2013.06.05"]
[Round "5.3"]
[White "Godena, Michele"]
[Black "Borisek, Jure"]
[Result "1-0"]
[WhiteElo "2518"]
[BlackElo "2552"]
[PlyCount "75"]
[EventDate "2013.06.01"]
[EventType "team-tourn"]
[EventRounds "9"]
[EventCountry "GER"]
[SourceTitle "CBM 154 Extra"]
[Source "ChessBase"]
[SourceDate "2013.06.25"]
[SourceVersion "2"]
[SourceVersionDate "2013.06.25"]
[SourceQuality "1"]
[WhiteTeam "Italy"]
[BlackTeam "Slovenia"]
[WhiteTeamCountry "ITA"]
[BlackTeamCountry "SLO"]

1. e4 e5 2. Nf3 Nc6 3. c3 Nf6 4. d4 Nxe4 5. d5 Ne7 6. Nxe5 Ng6 7. Qf3 Qe7 8.
Nxg6 hxg6 9. Be3 c6 10. Nd2 cxd5 11. O-O-O f5 12. Nxe4 fxe4 13. Qe2 b6 14. Rxd5
Bb7 15. Rd2 Qe6 16. Qc4 Qxc4 17. Bxc4 Be7 18. Rhd1 O-O-O 19. h3 Rhf8 20. Bd5
Bc6 21. Bxc6 dxc6 22. Rxd8+ Rxd8 23. Rd4 Rxd4 24. Bxd4 Kd7 25. Bxg7 Ke6 26. b3
Bc5 27. Bd4 Bxd4 28. cxd4 Kd5 29. h4 Kxd4 30. g4 Ke5 31. Kd2 Kf4 32. h5 gxh5
33. gxh5 Kg5 34. Ke3 Kxh5 35. Kxe4 c5 36. a4 Kg4 37. f4 a6 38. f5 1-0

[Event "II Festival Server24 B"]
[Site "Ortisei - Sankt Ulrich in Gro"]
[Date "2013.06.02"]
[Round "2"]
[White "Sigmund, Ingenuin"]
[Black "Zanin, Dario"]
[Result "1/2-1/2"]
[WhiteElo "1796"]
[BlackElo "1942"]
[PlyCount "87"]
[EventDate "2013.06.01"]
[SourceTitle "OM OTB B 201907"]
[Source "Opening Master"]
[SourceDate "2019.07.06"]
[SourceVersion "2"]
[SourceVersionDate "2019.07.06"]
[SourceQuality "1"]

1. e4 e5 2. Nf3 Nc6 3. c3 Nf6 4. Qe2 d5 5. exd5 Qxd5 6. Qc4 Be6 7. Qxd5 Bxd5 8.
d3 Bxf3 9. gxf3 O-O-O 10. Nd2 h6 11. Ne4 Nd7 12. Bh3 Kb8 13. Be3 g6 14. Bxd7
Rxd7 15. Ke2 Be7 16. Rad1 f5 17. Nc5 Rd5 18. b4 f4 19. c4 Rd6 20. b5 Nd8 21.
Bc1 Ne6 22. Nxe6 Rxe6 23. Kd2 Bc5 24. Ke2 Bd4 25. h4 Rg8 26. Bd2 a6 27. a4 axb5
28. axb5 b6 29. Rb1 Kb7 30. Rhe1 Ra8 31. Kf1 Ra2 32. Re2 g5 33. Bc1 Rxe2 34.
Kxe2 gxh4 35. Ba3 Rg6 36. Be7 Rg2 37. Rf1 h3 38. Bh4 Kc8 39. Rh1 h2 40. Kf1 Rg6
41. Rxh2 c6 42. bxc6 Rxc6 43. Be7 Bc5 44. Bxc5 1/2-1/2

[Event "Santander UDI Cup"]
[Site "Santander"]
[Date "2013.06.01"]
[Round "3"]
[White "Navas, Gildardo"]
[Black "Castellanos, Andres Felipe"]
[Result "1-0"]
[WhiteElo "1530"]
[BlackElo "1464"]
[PlyCount "33"]
[EventDate "2013.05.31"]
[EventType "swiss"]
[EventRounds "8"]
[EventCountry "COL"]
[SourceTitle "CBM 154 Extra"]
[Source "ChessBase"]
[SourceDate "2013.06.25"]
[SourceVersion "2"]
[SourceVersionDate "2013.06.25"]
[SourceQuality "1"]

1. e4 e5 2. Nf3 Nc6 3. c3 Nf6 4. d3 d6 5. Bg5 h6 6. Bh4 Bg4 7. Nbd2 d5 8. Be2
dxe4 9. Nxe4 Nxe4 10. Bxd8 Kxd8 11. dxe4+ Bd7 12. Qd5 Kc8 13. Rd1 b5 14. Qxd7+
Kb7 15. Bxb5 Kb6 16. Qxc6+ Ka5 17. Qa6# 1-0

[Event "Maarssen OKU op-B"]
[Site "Maarssen"]
[Date "2013.06.01"]
[Round "2"]
[White "Wuijts, Johan"]
[Black "Rijken, Jasper"]
[Result "1-0"]
[WhiteElo "1791"]
[BlackElo "1381"]
[PlyCount "39"]
[EventDate "2013.05.31"]
[EventType "swiss"]
[EventRounds "6"]
[EventCountry "NED"]
[SourceTitle "EXT 2015"]
[Source "ChessBase"]
[SourceDate "2014.11.20"]
[SourceVersion "1"]
[SourceVersionDate "2014.11.20"]
[SourceQuality "1"]

1. e4 e5 2. Nf3 Nc6 3. c3 d6 4. d4 Bg4 5. Be3 Nf6 6. Nbd2 a6 7. Bc4 d5 8. exd5
Nxd5 9. Qc2 Nxe3 10. fxe3 Bxf3 11. Nxf3 exd4 12. O-O-O Bd6 13. exd4 O-O 14. h4
a5 15. Rhf1 Bf4+ 16. Kb1 a4 17. g3 Be3 18. Rde1 Re8 19. Bxf7+ Kxf7 20. Ng5+ 1-0

[Event "Mosonmagyarovar op 2nd"]
[Site "Mosonmagyarovar"]
[Date "2013.05.31"]
[Round "2"]
[White "Nagy, Tibor"]
[Black "Pollreisz, Marcell"]
[Result "1-0"]
[WhiteElo "1794"]
[BlackElo "1440"]
[PlyCount "65"]
[EventDate "2013.05.31"]
[EventType "swiss"]
[EventRounds "7"]
[EventCountry "HUN"]
[SourceTitle "EXT 2014"]
[Source "ChessBase"]
[SourceDate "2013.11.20"]
[SourceVersion "1"]
[SourceVersionDate "2013.11.20"]
[SourceQuality "1"]

1. e4 e5 2. Nf3 Nc6 3. c3 Nf6 4. d4 exd4 5. e5 Ne4 6. cxd4 Bb4+ 7. Bd2 Nxd2 8.
Nbxd2 d6 9. d5 Nxe5 10. Qa4+ Nd7 11. Qxb4 Nc5 12. Be2 a5 13. Qc3 Qe7 14. O-O
O-O 15. Rfe1 Na4 16. Qc2 Nb6 17. Bd3 Qf6 18. Bxh7+ Kh8 19. Bd3 Nxd5 20. Ne4 Qg6
21. Neg5 f5 22. Qc4 Nf6 23. Re7 d5 24. Qxc7 d4 25. Qg3 f4 26. Qh4+ Qh5 27. Qxf4
Bd7 28. Qxd4 Bg4 29. Rae1 Rae8 30. Rxe8 Nxe8 31. Nf7+ Kg8 32. N3g5 g6 33. Bxg6
1-0

[Event "Foz do Iguacu op 3rd"]
[Site "Foz do Iguacu"]
[Date "2013.05.31"]
[Round "1"]
[White "Sekula, Markley Ribas"]
[Black "Finkler, Bruna Kastner Olivi"]
[Result "1-0"]
[WhiteElo "2040"]
[BlackElo "1822"]
[PlyCount "57"]
[EventDate "2013.05.31"]
[EventType "swiss"]
[EventRounds "6"]
[EventCountry "BRA"]
[SourceTitle "CBM 154 Extra"]
[Source "ChessBase"]
[SourceDate "2013.06.25"]
[SourceVersion "2"]
[SourceVersionDate "2013.06.25"]
[SourceQuality "1"]

1. e4 e5 2. Nf3 Nc6 3. c3 Nf6 4. d4 d6 5. h3 Nxe4 6. d5 Ne7 7. Qa4+ c6 8. dxc6
Nxc6 9. Qxe4 Be7 10. Bb5 Qb6 11. Ba4 O-O 12. Bb3 h6 13. Na3 Be6 14. Be3 Qd8 15.
Bxe6 fxe6 16. O-O d5 17. Qg4 Qd7 18. Bxh6 Bxa3 19. bxa3 Rf6 20. Bg5 Rf7 21.
Rae1 e4 22. Nd4 Re8 23. f3 Nxd4 24. cxd4 Qa4 25. fxe4 Qxd4+ 26. Kh1 Rxf1+ 27.
Rxf1 Qxe4 28. Qxe4 dxe4 29. Re1 1-0

[Event "Rheinland Pfalz op 5th"]
[Site "Worms"]
[Date "2013.05.30"]
[Round "1"]
[White "Gutzen, Werner"]
[Black "Lommel, Hagen"]
[Result "1-0"]
[WhiteElo "1875"]
[BlackElo "909"]
[PlyCount "63"]
[EventDate "2013.05.30"]
[EventType "swiss"]
[EventRounds "7"]
[EventCountry "GER"]
[SourceTitle "EXT 2014"]
[Source "ChessBase"]
[SourceDate "2013.11.20"]
[SourceVersion "1"]
[SourceVersionDate "2013.11.20"]
[SourceQuality "1"]

1. e4 e5 2. Nf3 Nc6 3. c3 Nf6 4. d4 exd4 5. e5 Ng4 6. cxd4 f6 7. h3 Nh6 8. d5
Nxe5 9. Nxe5 fxe5 10. Bxh6 gxh6 11. Qh5+ Ke7 12. Qxe5+ Kf7 13. Nc3 Bg7 14. Qf4+
Qf6 15. Qxf6+ Bxf6 16. Be2 Bxc3+ 17. bxc3 Re8 18. Kd2 d6 19. Bh5+ Ke7 20. Rhe1+
Kf6 21. Rxe8 Kg5 22. Bg4 Kf6 23. Rxc8 Rxc8 24. Bxc8 Ke5 25. Bxb7 a5 26. Re1+
Kf6 27. Re6+ Kg5 28. Ke3 h5 29. g3 h6 30. f4+ Kf5 31. Ba6 h4 32. g4# 1-0

[Event "FICGS__CHESS__RAPID_E__000105"]
[Site "FICGS"]
[Date "2013.05.28"]
[Round "1"]
[White "Kehayov, Yulian"]
[Black "Cavaillé, Cédric"]
[Result "1/2-1/2"]
[WhiteElo "1141"]
[BlackElo "982"]
[PlyCount "41"]
[EventDate "2013.??.??"]
[EventType "rapid"]

1. e4 e5 2. c3 Nc6 3. Nf3 d5 4. exd5 Qxd5 5. d3 Qe6 6. Be2 Nf6 7. O-O Bc5 8.
Nbd2 O-O 9. Ne4 Qe7 10. Nxf6+ Qxf6 11. d4 exd4 12. Bg5 Qd6 13. cxd4 Nxd4 14.
Nxd4 Qxd4 15. Qxd4 Bxd4 16. Bc1 c5 17. Bd3 a5 18. Rb1 b6 19. b3 Ba6 20. Bxa6
Rxa6 21. Bb2 1/2-1/2